000 00611nam a22001695i 4500
001 155677
003 ES-MaACL
005 20250716062624.0
008 040728s1870 gw |||| | eng d
040 _aCAM
_bspa
_cCAM
100 1 _aHugo, Victor,
_d1802-1885
_964627
245 1 0 _aBy order of the king
_b: (l'homme qui rit) : a romance of english history /
_cfrom the french of Victor Hugo.
260 _aLeipzig :
_bBernhard Tauchnitz,
_c1870.
300 _a2 v. (339; 298 p.) ;
_c16 cm.
852 _aES-MaACL
_jG-11618
_z-- Enc. hol. conservando la cub. original
_z-- 2 t. en 1 v.
999 _c155677
_d155677